Opening Day Lineups: Chicago Cubs - Statistics

General Stats
  • This quiz has been taken 810 times
    36 since last reset
  • The average score is 30 of 71
Answer Stats
# Starts Answer % Correct
9 Anthony Rizzo
100%
6 Kris Bryant
100%
7 Jason Heyward
87%
4 Javier Baez
87%
3 Seiya Suzuki
87%
6 Willson Contreras
87%
1 Alex Bregman
80%
2 Dexter Fowler
80%
10 Ian Happ
80%
1 Jake Arrieta
80%
2 Justin Steele
80%
4 Kyle Schwarber
80%
2 Pete Crow-Armstrong
80%
1 David Ross
73%
4 Jon Lester
73%
1 Matthew Boyd
73%
3 Michael Busch
73%
6 Nico Hoerner
73%
3 Addison Russell
67%
4 Ben Zobrist
67%
1 Carson Kelly
67%
4 Dansby Swanson
67%
2 Matt Shaw
67%
1 Miguel Amaya
67%
5 Starlin Castro
67%
3 Kyle Hendricks
60%
1 Christopher Morel
53%
1 Miguel Montero
53%
1 Moisés Ballesteros
53%
2 Cody Bellinger
47%
1 Kyle Tucker
47%
1 Carlos Zambrano
40%
1 Derek Lee
40%
2 Yan Gomes
40%
1 Albert Almora
33%
2 Aramis Ramirez
33%
1 Frank Schwindel
33%
3 Geovany Soto
33%
2 Patrick Wisdom
33%
2 Ryan Dempster
33%
4 Alfonso Soriano
27%
2 Jorge Soler
27%
1 Marcus Stroman
27%
2 Nick Madrigal
27%
1 Tommy La Stella
27%
1 Carlos Pena
20%
2 David Bote
20%
1 Eric Hosmer
20%
1 Joc Pederson
20%
1 Rafael Ortega
20%
1 Ryan Theriot
20%
1 Chris Coghlan
13%
5 Darwin Barney
13%
2 David DeJesus
13%
2 Jeff Samardzija
13%
1 Junior Lake
13%
2 Kosuke Fukudome
13%
3 Marlon Byrd
13%
2 Wellington Castillo
13%
1 Emilio Bonifacio
7%
1 Ian Stewart
7%
1 Luis Valbuena
7%
1 Mark Zagunis
7%
1 Mike Fontenot
7%
2 Mike Olt
7%
1 Miles Mastrobuoni
7%
1 Trey Mancini
7%
1 Victor Caratini
7%
1 Brent Lillibridge
0%
1 Jeff Baker
0%
2 Nate Schierholtz
0%
No matching quizzes found
Score Distribution
Percent of People with Each Score
Percentile by Number Answered
Your Score History
You have not taken this quiz since the last reset